<?xml version="1.0" encoding="UTF-8"?><record xmlns="http://www.loc.gov/MARC21/slim" xmlns:zs="http://docs.oasis-open.org/ns/search-ws/sruResponse">
  <leader>01946cas a22004337a 4500</leader>
  <controlfield tag="001">18889118</controlfield>
  <controlfield tag="008">870714d19051920msuwr ne      0   a0eng d</controlfield>
  <controlfield tag="005">20250917105013.9</controlfield>
  <datafield ind1=" " ind2=" " tag="010">
    <subfield code="a">sn 87065531 </subfield>
  </datafield>
  <datafield ind1=" " ind2=" " tag="019">
    <subfield code="a">1127495821</subfield>
  </datafield>
  <datafield ind1="0" ind2=" " tag="022">
    <subfield code="a">2469-9128</subfield>
    <subfield code="2">1</subfield>
  </datafield>
  <datafield ind1=" " ind2=" " tag="035">
    <subfield code="a">(OCoLC)16167671</subfield>
  </datafield>
  <datafield ind1=" " ind2=" " tag="040">
    <subfield code="a">MJA</subfield>
    <subfield code="b">eng</subfield>
    <subfield code="c">MJA</subfield>
    <subfield code="d">MSJ</subfield>
    <subfield code="d">OCLCQ</subfield>
    <subfield code="d">DLC</subfield>
    <subfield code="d">OCLCF</subfield>
    <subfield code="d">DLC</subfield>
    <subfield code="d">OCLCL</subfield>
    <subfield code="d">MUS</subfield>
  </datafield>
  <datafield ind1=" " ind2=" " tag="042">
    <subfield code="a">msc</subfield>
  </datafield>
  <datafield ind1=" " ind2=" " tag="043">
    <subfield code="a">n-us-ms</subfield>
  </datafield>
  <datafield ind1="0" ind2="0" tag="050">
    <subfield code="a">Newspaper</subfield>
  </datafield>
  <datafield ind1="1" ind2="0" tag="082">
    <subfield code="a">071</subfield>
    <subfield code="2">23</subfield>
    <subfield code="1">https://id.oclc.org/worldcat/ddc/E4dfHGhx3CP9J6H88DhYHkwpGh</subfield>
  </datafield>
  <datafield ind1=" " ind2="4" tag="222">
    <subfield code="a">The Pascagoula chronicle</subfield>
    <subfield code="b">(Print)</subfield>
  </datafield>
  <datafield ind1="0" ind2="4" tag="245">
    <subfield code="a">The Pascagoula chronicle.</subfield>
  </datafield>
  <datafield ind1=" " ind2=" " tag="260">
    <subfield code="a">Pascagoula, Miss. :</subfield>
    <subfield code="b">[s.n.]</subfield>
  </datafield>
  <datafield ind1=" " ind2=" " tag="310">
    <subfield code="a">Weekly</subfield>
  </datafield>
  <datafield ind1="1" ind2=" " tag="362">
    <subfield code="a">Began in 1905; ceased in 1920.</subfield>
  </datafield>
  <datafield ind1=" " ind2=" " tag="530">
    <subfield code="a">Archived issues are available in digital format from the Library of Congress Chronicling America online collection.</subfield>
  </datafield>
  <datafield ind1=" " ind2=" " tag="588">
    <subfield code="a">Description based on: Vol. 9, no. 19 (Jan. 6, 1906).</subfield>
  </datafield>
  <datafield ind1=" " ind2="0" tag="651">
    <subfield code="a">Pascagoula (Miss.)</subfield>
    <subfield code="v">Newspapers.</subfield>
  </datafield>
  <datafield ind1=" " ind2="7" tag="651">
    <subfield code="a">Mississippi</subfield>
    <subfield code="z">Pascagoula.</subfield>
    <subfield code="2">fast</subfield>
    <subfield code="0">(OCoLC)fst01208520</subfield>
    <subfield code="1">https://id.oclc.org/worldcat/entity/E39PBJdcyTX437QKrtGv7KH3cP</subfield>
  </datafield>
  <datafield ind1=" " ind2="6" tag="651">
    <subfield code="a">Mississippi</subfield>
    <subfield code="x">Histoire</subfield>
    <subfield code="y">20e siècle</subfield>
    <subfield code="v">Journaux.</subfield>
  </datafield>
  <datafield ind1=" " ind2="7" tag="655">
    <subfield code="a">Newspapers.</subfield>
    <subfield code="2">fast</subfield>
    <subfield code="0">(OCoLC)fst01423814</subfield>
  </datafield>
  <datafield ind1=" " ind2=" " tag="752">
    <subfield code="a">United States</subfield>
    <subfield code="b">Mississippi</subfield>
    <subfield code="c">Jackson</subfield>
    <subfield code="d">Pascagoula.</subfield>
  </datafield>
  <datafield ind1="0" ind2="8" tag="776">
    <subfield code="i">Online version:</subfield>
    <subfield code="t">Pascagoula chronicle</subfield>
    <subfield code="x">2469-9136</subfield>
    <subfield code="w">(DLC)  2015270730</subfield>
    <subfield code="w">(OCoLC)918942491</subfield>
  </datafield>
  <datafield ind1="0" ind2="0" tag="780">
    <subfield code="t">Scranton chronicle</subfield>
    <subfield code="x">2766-0737</subfield>
    <subfield code="w">(DLC)sn 87065600</subfield>
    <subfield code="w">(OCoLC)16307808</subfield>
  </datafield>
  <datafield ind1="0" ind2="7" tag="785">
    <subfield code="t">Pascagoula Democrat-star</subfield>
    <subfield code="x">2378-1831</subfield>
    <subfield code="w">(DLC)sn 87065532</subfield>
    <subfield code="w">(OCoLC)15213992</subfield>
  </datafield>
  <datafield ind1="0" ind2="7" tag="785">
    <subfield code="t">Chronicle-star</subfield>
    <subfield code="x">2469-3561</subfield>
    <subfield code="w">(DLC)sn 87065527</subfield>
    <subfield code="w">(OCoLC)16167848</subfield>
  </datafield>
  <datafield ind1="4" ind2="1" tag="859">
    <subfield code="u">http://www.loc.gov/chroniclingamerica/lccn/sn87065531/issues</subfield>
  </datafield>
  <datafield ind1=" " ind2=" " tag="906">
    <subfield code="a">7</subfield>
    <subfield code="b">cbc</subfield>
    <subfield code="c">sercoop</subfield>
    <subfield code="d">2</subfield>
    <subfield code="e">ncip</subfield>
    <subfield code="f">19</subfield>
    <subfield code="g">n-oclcserc</subfield>
  </datafield>
  <datafield ind1="0" ind2=" " tag="925">
    <subfield code="a">Acquire</subfield>
    <subfield code="b">1 shelf copy</subfield>
    <subfield code="x">policy default 2015-12-09</subfield>
  </datafield>
  <datafield ind1=" " ind2=" " tag="955">
    <subfield code="b">sr02 2015-12-09</subfield>
    <subfield code="k">sr02 2015-12-09</subfield>
  </datafield>
  <datafield ind1=" " ind2=" " tag="955">
    <subfield code="a">LCAP batch update 2025-06-26-04:00: LCAPM-644, LCAPM-893</subfield>
  </datafield>
  <datafield ind1=" " ind2=" " tag="985">
    <subfield code="a">serpull/chronam</subfield>
    <subfield code="e">ndnp</subfield>
  </datafield>
</record>
